| 000 | 00876cam a2200229 i 4500 | ||
|---|---|---|---|
| 999 |
_c57409 _d57409 |
||
| 001 | 21377146 | ||
| 005 | 20221105200514.0 | ||
| 008 | 200108s20192019stka b 001 0 eng c | ||
| 020 |
_a9780702073946 1 _q |
||
| 041 | _aeng | ||
| 080 | _a61+614 S-31 | ||
| 100 | 1 |
_aSchulz, Kenneth F., _e _98473 |
|
| 245 | 1 | 0 |
_aEssential concepts in clinical research : _brandomised controlled trials and observational epidemiology / _cKenneth F. Schulz, David A. Grimes. |
| 250 | _aSecond edition. | ||
| 264 | 4 |
_c2019 _aEdinburgh : _bElsevier, |
|
| 300 |
_a256 pages : _billustrations (chiefly color) ; _c23 cm. |
||
| 653 | _aმედიცინა | ||
| 653 | _aკლინიკური კვლევები | ||
| 700 | 1 |
_aGrimes, David A., _eავტორი _98479 |
|
| 700 | 1 |
_aHorton, Richard C., _eწინასიტყვ. ავტორი _98480 |
|
| 942 |
_2udc _cBK |
||